Statistiques concernant Cette année-là:1802

Cliquez ici pour prendre le quiz!

Statistiques générales

  • Ce quiz a été pris 37 fois
  • Le résultat moyen est 5 sur 10

Statistiques - réponses

IndiceRéponse% Correct
1er mai: cette célèbre école d'officiers est forméeSaint Cyr
82%
26 février: naissance de ce grand écrivainVictor Hugo
79%
3 mars: Beethoven publie la célèbre sonate au...Clair de Lune
70%
20 mai: Cette pratique est rétablie par le premier Consul pour les Antilles.esclavage
70%
Courant février: arrivée de cet objet archéologique en Angleterre Pierre de Rosette
58%
19 mai: Création de ce "hochet", décoration toujours en vigueur de nos joursLégion d'Honneur
48%
11 septembre: Cet Etat italien est annexé par la FrancePiémont
45%
26 avril: Bonaparte amnistie et restitue les biens de ces personnes qui ont fuit la Révolutionémigrés
27%
25 mars: ville où fut signée la paix avec l'AngleterreAmiens
24%
29 janvier: Arrivée de l'expédition sur l'île de ...Saint-Domingue
18%

Distribution des résultats

Percentile par nombre de réponses

% des personnes avec chaque résultat

Votre développement - résultats

Vous n’avez pas pris ce quiz